00987nam a2200253 a 4500001000400000003001000004005001700014008004100031020001800072040002500090080001700115090001800132100003000150245014700180260003800327300002700365504003600392650003600428650007200464650005000536942001200586952012200598999001300720467BR-CuiBMT20231108152551.0231107s2009 mgba 001 0 eng d a9788577002009 aBR-CuiBMTcBR-CuiBMT 22007a351.72 a351.72bS586c1 aSilva, Moacir Marques da 10aComentários à lei de responsabilidade fiscal :babordagem contábil e orçamentária para os municípios / cMoacir Marques da Silva.  aBelo Horizonte :bFórum,c2009. a264 p. :bil. ;c21 cm aInclui bibliografia e índice. aResponsabilidade fiscalzBrasil aAdministração pública xResponsabilidade tributáriazBrasil aAdministração públicaxControlezBrasil 2udccLV 00102udc4070aBIBTCEMTbBIBTCEMTd2023-11-07l0o351.72 S586cpBIBTCEMT23110224r2023-11-07tEx. 1w2023-11-07yLV c467d467